000 00285nam a22001217a 4500
008 170421b xxu||||| |||| 00| 0 eng d
041 _aeng
080 _25TH
_a573
100 _a11
101 _aSHM
245 _aA HANDBOOK OF BIOLOGICAL INVESTIGATION
_cAMBROSE, H.W
942 _2udc
_cBK
999 _c11387
_d11387